Who's Afraid of Little Old Me? - Taylor Swift (All Lyrics) - Statistics

General Stats
  • This quiz has been taken 19 times
  • The average score is 385 of 421
Answer Stats
Lyrics % Correct
a
100%
about
100%
afraid
100%
be.
100%
be,
100%
be
100%
do
100%
don't
100%
Don't
100%
from
100%
get
100%
I
100%
If
100%
if
100%
little
100%
me
100%
me?!"
100%
me?!
100%
me.
100%
me,
100%
me?
100%
me...?
100%
my
100%
not
100%
of
100%
old
100%
'sad.'
100%
said
100%
said?
100%
should
100%
So
100%
tell
100%
That?'
100%
that
100%
That
100%
The
100%
the
100%
to
100%
want
100%
Who'
100%
'Who's
100%
"Who's
100%
Who's
100%
who's
100%
You
100%
you
100%
alive
92%
an
92%
And
92%
and
92%
As
92%
At
92%
attack
92%
bad.
92%
bare
92%
But
92%
can
92%
Cause
92%
cause
92%
dead,
92%
down
92%
feel
92%
hands
92%
how
92%
I'll
92%
I'm
92%
In
92%
Is
92%
is
92%
is?
92%
it
92%
just
92%
levitate
92%
like
92%
makes
92%
more
92%
Nothing
92%
on
92%
say
92%
scream:
92%
should've
92%
street
92%
that's
92%
their
92%
Then
92%
then
92%
they
92%
this
92%
wanted
92%
was
92%
we
92%
We
92%
Well
92%
what
92%
where
92%
why
92%
your
92%
you're
92%
all
83%
along...
83%
asylum
83%
broke?
83%
caged
83%
circus
83%
could
83%
Crash
83%
did?
83%
didn't
83%
for
83%
has
83%
hear
83%
hour
83%
house,
83%
hurt
83%
into
83%
joke
83%
last
83%
laugh
83%
lawn
83%
Let's
83%
life
83%
made
83%
mean
83%
one
83%
own
83%
party
83%
paths
83%
poised
83%
raised
83%
show
83%
singing
83%
songs
83%
still
83%
sue
83%
tame,
83%
Until
83%
with
83%
wonder
83%
always
75%
am
75%
called
75%
cobwebs
75%
costs,
75%
crazy
75%
cry
75%
disturbed
75%
drunk
75%
everything
75%
fearsome
75%
folks,
75%
gentle
75%
good
75%
had
75%
her
75%
Isn't
75%
keep
75%
kids
75%
leap
75%
name
75%
out
75%
scratch
75%
sneak
75%
step
75%
taught
75%
tears
75%
teeth
75%
Til
75%
took
75%
worry
75%
wouldn't
75%
wrong
75%
bullet
67%
contained
67%
gallows
67%
narcotics
67%
Put
67%
record
67%
scandal
67%
snarl
67%
trained
67%
lured
58%
paved
58%
grazed
50%
wretched
50%
No matching quizzes found
Score Distribution
Percent of People with Each Score
Percentile by Number Answered
Your Score History
You have not taken this quiz